[Event "ch-RUS Rapid"]
[Site "Olginka RUS"]
[Date "2011.04.25"]
[Round "3"]
[White "Malakhov,V"]
[Black "Frolyanov,D"]
[Result "0-1"]
[WhiteElo "2714"]
[BlackElo "2610"]

1.e4 e5 2.Nf3 Nf6 3.Nxe5 d6 4.Nf3 Nxe4 5.Nc3 Nxc3 6.dxc3 Be7 7.Bf4 O-O 8.Qd2 Nd7
9.O-O-O Nc5 10.Nd4 c6 11.f3 Ne6 12.Nxe6 Bxe6 13.a3 d5 14.Bd3 b5 15.g4 a5
16.Bf5 b4 17.a4 Bxf5 18.gxf5 Bf6 19.cxb4 axb4 20.b3 Bc3 21.Qd3 Qf6 22.Rhg1 h6
23.Be3 Rfe8 24.Bd4 Bxd4 25.Qxd4 Re5 26.Rg4 h5 27.Rg3 Rxf5 28.Qxf6 Rxf6 29.Rd4 Rb8
30.f4 g6 31.Kb2 Kf8 32.c3 c5 33.Rxd5 Rxf4 34.Rd2 bxc3+ 35.Rxc3 Rxa4 36.Rxc5 Rab4
37.Rd3 Kg7 38.Rf3 R8b7 39.Ka3 f5 40.Rc6 h4 41.Rd3 Kh6 42.h3 R7b6 43.Rc1 Re4
44.Rc8 Kg5 45.Rc1 Kf6 46.Rf3 Rbe6 47.Rcc3 g5 48.b4 Ra6+ 49.Kb3 Rb6 50.Rc4 Rxc4
51.Kxc4 Ke5 52.Rb3 g4 53.Kd3 gxh3 54.Kc4 Kf4 55.Rxh3 Kg4 56.Rh1 h3 57.Rg1+ Kh4
58.Kc5 Rb8 59.Rg7 Rh8 60.Kd4  0-1

[Event "ch-RUS Rapid"]
[Site "Olginka RUS"]
[Date "2011.04.25"]
[Round "4"]
[White "Bocharov,D"]
[Black "Malakhov,V"]
[Result "1/2-1/2"]
[WhiteElo "2595"]
[BlackElo "2714"]

1.d4 d5 2.c4 c6 3.Nf3 Nf6 4.e3 Bf5 5.Nc3 e6 6.Nh4 Be4 7.f3 Bg6 8.Qb3 Qb6
9.Nxg6 hxg6 10.Bd2 Nbd7 11.O-O-O Qxb3 12.axb3 Bd6 13.h3 Nh5 14.Bd3 Ng3 15.Rhe1 a6
16.Kc2 O-O-O 17.Ne2 Nxe2 18.Rxe2 Nf6 19.e4 Bg3 20.cxd5 cxd5 21.e5 Nh5 22.Ba5 Rde8
23.Kb1 Kd7 24.Rc2 Rc8 25.Rc3 Nf4 26.Bf1 f6 27.b4 Rxc3 28.bxc3 b5 29.Bb6 g5
30.exf6 gxf6 31.Kc2 Rb8 32.Bc5 Rc8 33.Ra1 Rc6 34.Ra2 e5 35.dxe5 fxe5 36.Kb3 Ke6
37.Rd2 Be1 38.Rd1 Bg3 39.Rd2 Kf6 40.Rd1 Ke6  1/2-1/2

[Event "ch-RUS Rapid"]
[Site "Olginka RUS"]
[Date "2011.04.25"]
[Round "6"]
[White "Matlakov,M"]
[Black "Malakhov,V"]
[Result "1/2-1/2"]
[WhiteElo "2625"]
[BlackElo "2714"]

1.d4 d5 2.c4 c6 3.Nf3 Nf6 4.Qb3 e6 5.Bg5 h6 6.Bh4 dxc4 7.Qxc4 b5 8.Qb3 Bb7
9.Nc3 Nbd7 10.e4 b4 11.Bd3 bxc3 12.Qxb7 cxb2 13.Qxb2 Qa5+ 14.Ke2 Ba3 15.Qc2 c5
16.Rab1 a6 17.Nd2 cxd4 18.Bxf6 gxf6 19.Nc4 Qh5+ 20.f3 Bc5 21.Qa4 Rd8 22.Rb7 Rg8
23.Kf2 Qh4+ 24.Kf1 Qf4 25.Kf2 Qh4+ 26.Kf1 Qf4 27.Kf2  1/2-1/2

[Event "ch-RUS Rapid"]
[Site "Olginka RUS"]
[Date "2011.04.26"]
[Round "7"]
[White "Malakhov,V"]
[Black "Maletin,P"]
[Result "1-0"]
[WhiteElo "2714"]
[BlackElo "2584"]

1.c4 c5 2.Nf3 Nc6 3.d4 cxd4 4.Nxd4 e6 5.Nc3 Nf6 6.e3 Bc5 7.Be2 O-O 8.O-O d5
9.cxd5 exd5 10.Nxc6 bxc6 11.b3 Qe7 12.Bb2 Bd6 13.Rc1 Bb7 14.Bf3 Rfd8 15.Na4 Nd7
16.g3 Nf8 17.Bg2 Ne6 18.Qg4 Qf8 19.Rfd1 f5 20.Qe2 Rac8 21.Qd3 Qf7 22.h4 Rf8
23.a3 Rc7 24.b4 a6 25.Nc5 Nxc5 26.bxc5 Be7 27.Bd4 Bc8 28.Qc3 Rb7 29.Rb1 Bd8
30.Rxb7 Qxb7 31.Rd2 Qe7 32.Be5 Re8 33.Rb2 Ba5 34.Qxa5 Qxe5 35.Qb4 a5 36.Qd2 Ba6
37.a4 Bc4 38.Kh2 Ra8 39.Rb7 h6 40.Qd1 Qf6 41.Qb1 Kh7 42.Rc7 Re8 43.Bh3 Re4
44.Bg2 Re6 45.Qb7 d4 46.exd4 Qxd4 47.Rd7 Qf6 48.Qc7 Re2 49.Qf4 Be6 50.Rb7 Bd5
51.Bxd5 cxd5 52.Rb6 Qe5 53.Qxe5 Rxe5 54.c6 Re2 55.Kg2 Rc2 56.Rb5 Rxc6 57.Rxd5 f4
58.g4 Rc3 59.Rxa5 Ra3 60.h5 Kg8 61.Ra7 Kh7 62.Ra8 g5 63.Ra7+ Kg8 64.a5 Kh8
65.a6 Kg8 66.f3 Kh8 67.Kf2 Kg8 68.Ke2 Re3+ 69.Kd2 Re6 70.Kd3 Kh8 71.Kd4 Kg8
72.Kd5 Rf6 73.Kc5 Re6 74.Ra8+ Kg7 75.Kb5 Re5+ 76.Kc6 Re6+ 77.Kc7 Re7+ 78.Kd6 Rf7
79.Re8 Ra7 80.Re7+ Kf6 81.Re6+  1-0

[Event "ch-RUS Rapid"]
[Site "Olginka RUS"]
[Date "2011.04.26"]
[Round "8"]
[White "Khairullin,I"]
[Black "Malakhov,V"]
[Result "1/2-1/2"]
[WhiteElo "2634"]
[BlackElo "2714"]

1.d4 d5 2.c4 c6 3.Nc3 Nf6 4.e3 a6 5.Nf3 b5 6.b3 Bg4 7.Be2 Nbd7 8.h3 Bh5 9.O-O e6
10.Bb2 Bd6 11.Ne5 Bxe2 12.Nxe2 bxc4 13.bxc4 O-O 14.Rc1 Qb8 15.Nxd7 Nxd7 16.Rb1 Qc7
17.c5 Be7 18.Bc3 Rfb8 19.Qa4 Rxb1 20.Rxb1 Rb8 21.Rxb8+ Nxb8 22.Ba5 Qb7 23.Bb6 Nd7
24.Qa5 Kf8 25.Nc1 Nxb6 26.Qxb6 Qa8 27.Nd3 Bd8 28.Qb3 Bc7 29.f4 a5 30.a4 Qb8
31.Qxb8+ Bxb8 32.g4 f6 33.Kg2 g6 34.Kf3 f5 35.Kg3 Kg7 36.Kh4 Bc7 37.Ne1 Bd8+
38.Kg3 Bc7 39.Nf3 h6 40.Kh4 Bd8+ 41.Kg3 Bc7 42.Kh4 Bd8+ 43.g5 hxg5+ 44.fxg5 Bc7
45.Ne5 Bxe5 46.dxe5 Kh7 47.Kg3 Kg7 48.h4 Kh7  1/2-1/2

[Event "ch-RUS Rapid"]
[Site "Olginka RUS"]
[Date "2011.04.26"]
[Round "9"]
[White "Malakhov,V"]
[Black "Lastin,A"]
[Result "1/2-1/2"]
[WhiteElo "2714"]
[BlackElo "2617"]

1.c4 e5 2.g3 Nf6 3.Bg2 Nc6 4.Nf3 d5 5.cxd5 Nxd5 6.O-O Nb6 7.d3 Be7 8.Nbd2 O-O
9.b3 Be6 10.Bb2 f6 11.a3 Qd7 12.Qc2 Rfd8 13.Rac1 a5 14.Rfd1 Bf8 15.Nc4 Qf7
16.Qb1 Bd5 17.e3 Nd7 18.e4 Be6 19.d4 exd4 20.Nxd4 Nxd4 21.Rxd4 a4 22.b4 b5
23.Ne3 c5 24.bxc5 Nxc5 25.e5 fxe5 26.Rh4 Nd3 27.Rf1 g5 28.Bxa8 gxh4 29.Be4 Nxb2
30.Qxb2 Rd4 31.Bc6 b4 32.axb4 Bxb4 33.Bxa4 hxg3 34.hxg3 Bf8 35.Bc6 h5 36.Qb8 Qf6
37.Bg2 h4 38.gxh4 Rxh4 39.Rd1 Rd4 40.Rxd4 exd4 41.Nd5 Bxd5 42.Bxd5+ Kg7 43.Qg3+ Qg6  1/2-1/2

[Event "ch-RUS Rapid"]
[Site "Olginka RUS"]
[Date "2011.04.26"]
[Round "11"]
[White "Malakhov,V"]
[Black "Danin,A"]
[Result "1-0"]
[WhiteElo "2714"]
[BlackElo "2543"]

1.c4 Nf6 2.Nf3 c5 3.d4 cxd4 4.Nxd4 Nc6 5.g3 d6 6.Bg2 Bd7 7.O-O g6 8.Nc3 Bg7
9.Nc2 O-O 10.b3 Rc8 11.Bb2 a6 12.Rb1 Qa5 13.a4 Qh5 14.e4 Bg4 15.f3 Bh3 16.Nd5 Bxg2
17.Kxg2 Nxd5 18.exd5 Ne5 19.f4 Qxd1 20.Rfxd1 Nd7 21.Bxg7 Kxg7 22.Re1 Rfe8
23.Nd4 Nc5 24.Rbd1 Kf6 25.g4 e5 26.dxe6 fxe6 27.g5+ Kf7 28.Nf3 Rc6 29.Re3 Rb6
30.Nd4 d5 31.Rc1 Rb4 32.Nf3 Rxb3 33.Ne5+ Kf8 34.Rxb3 Nxb3 35.Rc3 Nd4 36.Rd3 Nc6
37.Nd7+ Kf7 38.cxd5 exd5 39.Nf6 Rd8 40.Nxh7 d4 41.Nf6 Nb4 42.Rd2 Nd5 43.Nxd5 Rxd5
44.Kf3 d3 45.Ke4 Ke6 46.a5 Rxa5 47.Rxd3 Ra4+ 48.Kf3 b5 49.Kg4 Rc4 50.Rd8 Rc6
51.Rb8 Kd5 52.h4 Rc1 53.Rb6 Kc5 54.Rxg6 b4 55.Rg8 Rg1+ 56.Kf5 b3 57.Rb8 Kc4
58.h5 Kc3 59.h6 Rh1 60.Rc8+ Kd2 61.Rb8 Kc2 62.Kg6 b2 63.f5 b1=Q 64.Rxb1 Rxb1
65.h7 Rb8 66.Kh6 a5 67.g6 a4 68.g7  1-0

[Event "FIDE World Cup 2011"]
[Site "Khanty-Mansiysk RUS"]
[Date "2011.08.29"]
[Round "1.2"]
[White "Felgaer,R"]
[Black "Malakhov,V"]
[Result "1/2-1/2"]
[WhiteElo "2573"]
[BlackElo "2706"]

1.e4 e5 2.Nf3 Nc6 3.Bb5 Nf6 4.O-O Nxe4 5.d4 Nd6 6.Bxc6 dxc6 7.dxe5 Nf5 8.Qxd8+ Kxd8
9.Nc3 Ke8 10.h3 h5 11.Ne4 Be7 12.Re1 Be6 13.Neg5 Bd5 14.b3 c5 15.Bf4 Bxg5
16.Nxg5 Ke7 17.c3 b6 18.Rad1 Bc6 19.Ne4 Ke6 20.Ng5+  1/2-1/2

[Event "FIDE World Cup 2011"]
[Site "Khanty-Mansiysk RUS"]
[Date "2011.08.30"]
[Round "1.3"]
[White "Felgaer,R"]
[Black "Malakhov,V"]
[Result "1/2-1/2"]
[WhiteElo "2573"]
[BlackElo "2706"]

1.e4 e5 2.Nf3 Nc6 3.Bb5 Nf6 4.O-O Nxe4 5.d4 Nd6 6.Bxc6 dxc6 7.dxe5 Nf5 8.Qxd8+ Kxd8
9.Nc3 Ke8 10.h3 h5 11.Bg5 Be6 12.Rad1 Be7 13.b3 Rd8 14.Rxd8+ Bxd8 15.Rd1 Be7
16.Ne2 Bd5 17.Bxe7 Kxe7 18.Ng5 f6 19.Nf4 Rh6 20.exf6+ Kxf6 21.Nxd5+ cxd5
22.f4 d4 23.Re1 Ne3 24.Kf2 Kf5 25.Nf3 c5 26.c3 Rd6 27.cxd4 cxd4 28.g3 Nc2
29.Re5+ Kg6 30.Ke2 Ra6 31.Ng5 Nb4 32.a4 Rc6 33.g4 hxg4 34.hxg4 Kf6 35.Rb5 a5
36.Rxb7 d3+ 37.Kf3 Nc2 38.Rf7+ Kg6 39.Rd7 Kh6 40.Kg3 Ne1 41.Kf2 Nc2 42.Rxd3 Nb4
43.Rd8 Rc3 44.Ne4 Rxb3 45.f5 Nd3+ 46.Kg1 g5 47.Rd6+ Kg7 48.Rd7+ Kg8 49.Rd8+ Kg7
50.Rd7+ Kg8 51.Nxg5 Ne5 52.Rd8+ Kg7 53.Ne6+ Kf7 54.g5 Rf3 55.g6+ Ke7 56.g7 Rg3+
57.Kf1 Rxg7 58.Rd5 Ng4 59.Rxa5 Rg8 60.Nf4 Kd6 61.Ke2 Rh8 62.Kf3 Rg8 63.Ng6 Nh6
64.Kf4 Rb8 65.Ra6+ Kc5 66.Ne5 Rh8 67.Kg5 Nxf5 68.Kxf5 Rh1 69.Ra5+ Kb6 70.Nc4+ Kc6
71.Ke4 Rd1 72.Rh5 Rd8 73.Re5 Rd1 74.Rh5 Rd8 75.Ne5+ Kb6 76.Rh6+ Kc5 77.Nd3+ Kc4
78.Rc6+ Kb3 79.a5 Ka4 80.Ra6 Kb5 81.Ra7 Rd6 82.Ne5 Rd1 83.Nd3 Rh1 84.Kd4 Rh4+
85.Kc3 Rh3 86.Ra8 Rg3 87.Ra7 Rh3 88.Ra8 Rg3 89.Kd4 Rg4+ 90.Kd5 Rg1 91.a6 Kb6
92.Nb4 Rg4 93.Rb8+ Ka7 94.Rb7+ Ka8 95.Rb5 Ka7 96.Kc5 Rg5+ 97.Kc4 Rg7 98.Kb3 Rg1
99.Rb7+ Ka8 100.Rd7 Rc1 101.Ka4 Rc5 102.Rd5 Rc7 103.Kb5 Rc8 104.Rd7 Rb8+
105.Ka5 Rh8 106.Nd5 Rh5 107.Kb6 Rh6+ 108.Kb5 Rh5 109.Kc6 Rh6+ 110.Rd6 Rh1
111.Nb4 Rh4 112.Rd8+ Ka7 113.Rd7+ Ka8 114.Kb5 Rh8 115.Nc6 Rh5+ 116.Kb6 Rb5+
117.Kc7 Rd5 118.Rh7 Rd7+ 119.Kxd7  1/2-1/2

[Event "FIDE World Cup 2011"]
[Site "Khanty-Mansiysk RUS"]
[Date "2011.08.30"]
[Round "1.4"]
[White "Malakhov,V"]
[Black "Felgaer,R"]
[Result "0-1"]
[WhiteElo "2706"]
[BlackElo "2573"]

1.e4 c5 2.Nf3 Nc6 3.Bb5 d6 4.O-O Bd7 5.Re1 Nf6 6.c3 a6 7.Bc4 b5 8.Bf1 e5
9.h3 Be7 10.d4 O-O 11.d5 Na5 12.Nbd2 Qc7 13.Nh2 Kh8 14.Ng4 Nxg4 15.hxg4 Qc8
16.Be2 g6 17.Nf1 f5 18.gxf5 gxf5 19.exf5 Bxf5 20.Ng3 Bh4 21.Nxf5 Qxf5 22.Bf3 Rf7
23.Kf1 Bxf2 24.Kxf2 e4 25.Qc2 e3+  0-1

[Event "22nd St Petersburg-Moscow Match"]
[Site "St Petersburg RUS"]
[Date "2011.09.18"]
[Round "2"]
[White "Romanov,E"]
[Black "Malakhov,V"]
[Result "1/2-1/2"]
[WhiteElo "2639"]
[BlackElo "2710"]

1.Nf3 d5 2.d4 Nf6 3.c4 c6 4.Qb3 e6 5.Bg5 h6 6.Bh4 dxc4 7.Qxc4 b5 8.Qc2 Bb7
9.e3 Nbd7 10.Bd3 Be7 11.O-O O-O 12.Qe2 a6 13.a4 bxa4 14.Rd1 c5 15.dxc5 Nd5
16.Bxe7 Qxe7 17.Rxa4 Nxc5 18.Ra1 Nxd3 19.Rxd3 Nb4 20.Rd2 Rad8 21.Rxd8 Rxd8
22.Ne1 a5 23.Nc3 Ba6 24.Qh5 Nc6 25.Rd1 Rxd1 26.Qxd1 Qb4 27.Qa1 Ne5 28.Nc2 Qh4
29.Qa4 Qxa4 30.Nxa4 Nd3 31.Nd4 Kf8 32.Nb3 Bb5 33.Nc3 Bd7 34.Nxa5 Nxb2 35.h4 Na4
36.Nxa4  1/2-1/2

[Event "Turkish Bank Chess League 2012"]
[Site "Konya TUR"]
[Date "2012.07.19"]
[Round "10"]
[White "Malakhov,V"]
[Black "Durarbayli,V"]
[Result "1/2-1/2"]
[WhiteElo "2712"]
[BlackElo "2576"]

1.c4 Nf6 2.Nc3 c5 3.Nf3 e6 4.e4 Nc6 5.Be2 Be7 6.d4 cxd4 7.Nxd4 O-O 8.O-O d5
9.exd5 exd5 10.Nxc6 bxc6 11.cxd5 Nxd5 12.Nxd5 cxd5 13.Be3 Bf6 14.Bd4 Be6
15.Qd2 Bxd4 16.Qxd4 Qb6 17.Qxb6 axb6 18.Rfd1 Rfc8 19.Rd2 Kf8 20.a3 Rc5 21.Rad1 Rac8
22.f4 Rc2 23.Kf2 Ke7 24.Ke3 Kd6 25.Bd3 Rxd2 26.Rxd2 Rc1 27.Kd4 h6 28.g3 Bg4
29.Bc2 Rf1 30.Kc3 Bd7 31.Bd3 Re1 32.Be2 g5 33.Bf3 Bc6 34.fxg5 hxg5 35.Kd4 f5
36.Be2 f4 37.gxf4 gxf4 38.Bd3 Rg1 39.Rf2 Rg4  1/2-1/2

[Event "Politiken Cup 2012"]
[Site "Helsingor DEN"]
[Date "2012.08.02"]
[Round "7.3"]
[White "Malakhov,V"]
[Black "Halkias,S"]
[Result "0-1"]
[WhiteElo "2712"]
[BlackElo "2570"]

1.c4 f5 2.Nf3 Nf6 3.g3 g6 4.Bg2 Bg7 5.O-O O-O 6.Nc3 d6 7.d4 e6 8.b3 Nc6 9.Bb2 Qe7
10.Rc1 Ne4 11.Nxe4 fxe4 12.Ne1 d5 13.Nc2 Rd8 14.Qd2 a5 15.Rcd1 Nb4 16.Ba3 c5
17.dxc5 Nxa2 18.Nd4 Nb4 19.Bxb4 axb4 20.Qxb4 Bf8 21.cxd5 exd5 22.Rc1 e3 23.f4 Ra2
24.Bf3 Rd2 25.Qa4 Bh3 26.Rfe1 Bg7 27.Nb5 Bb2 28.Nd6 Bxc1 29.Rxc1 Qg7 30.Qb4 Ra8
31.Qxb7 Qxb7 32.Nxb7 Rda2 33.Bxd5+ Kf8 34.Bg2 Ra1 35.Bxh3 Rxc1+ 36.Kg2 Rb8
37.Nd6 Rxc5 38.Ne4 Rc2 39.Bg4 Rxb3 40.Ng5 Rb7 41.h4 h5 42.Bf3 Rbb2 43.Nh3 Rxe2+
44.Bxe2 Rxe2+ 45.Kf3 Re1 46.Ng5 Ke7 47.Ne4 Ke6 48.Nc3 Kf5 49.Nd5 Rf1+ 50.Ke2 Rg1
51.Nxe3+ Ke4 52.Kf2 Rxg3  0-1

[Event "Politiken Cup 2012"]
[Site "Helsingor DEN"]
[Date "2012.08.05"]
[Round "10.7"]
[White "Glud,J"]
[Black "Malakhov,V"]
[Result "0-1"]
[WhiteElo "2498"]
[BlackElo "2712"]

1.Nf3 g6 2.c4 Bg7 3.g3 e6 4.Bg2 Ne7 5.d4 d5 6.Na3 O-O 7.O-O Nbc6 8.e3 b6
9.Bd2 a5 10.Qb3 Ba6 11.Rfd1 Qd7 12.Rac1 Rfc8 13.Be1 Rab8 14.Bf1 Qe8 15.cxd5 Bxf1
16.Kxf1 exd5 17.Nb5 Qd7 18.Kg2 Nf5 19.Rxc6 Qxc6 20.Na7 Qe6 21.Nxc8 Rxc8 22.Qd3 h5
23.h3 Bf8 24.Ne5 Bd6 25.Bc3 c5 26.g4 hxg4 27.hxg4 Ne7 28.f3 c4 29.Qc2 b5
30.Rh1 b4 31.Be1 Bxe5 32.dxe5 Qxe5 33.Bg3 Qxe3 34.Re1 Qd3 35.Qf2 c3 36.Be5 g5
37.bxc3 Ng6 38.Bf6 bxc3 39.Re3 Nf4+ 40.Kg3 Qa6 41.Bxc3 Qh6 42.Qh2 Qxh2+ 43.Kxh2 Kh7
44.Bxa5 Rc2+ 45.Kg1 Rxa2 46.Bc7 d4 47.Rb3 Ne6 48.Be5 Re2 49.Bd6 Rc2 50.Rb5 Kg6
51.Rd5 f6 52.Kf1 Kf7 53.Ke1 Ra2 54.Kf1 Ke8 55.Ke1 Rc2 56.Kf1 Rb2 57.Ke1 Ra2
58.Kf1 Ra7 59.Bb4 Rd7 60.Rxd7 Kxd7 61.Ke2 Nf4+ 62.Kd2 Ke6 63.Ba5 Ng6 64.Kd3 Kd5
65.Bd8 Ne5+ 66.Ke2 Ke6 67.Bc7 d3+ 68.Ke3 d2 69.Kxd2 Nxf3+ 70.Kd3 Kd5  0-1

[Event "TCh-CHN 2012"]
[Site "Hangzhou CHN"]
[Date "2012.09.23"]
[Round "12"]
[White "Mu Ke"]
[Black "Malakhov,V"]
[Result "0-1"]
[WhiteElo "2286"]
[BlackElo "2705"]

1.c4 e5 2.g3 Nf6 3.Bg2 d5 4.cxd5 Nxd5 5.Nc3 Nb6 6.Nf3 Nc6 7.O-O Be7 8.a3 O-O
9.b4 Be6 10.Rb1 f6 11.d3 Qd7 12.b5 Nd4 13.Nd2 Rab8 14.a4 c6 15.Re1 Rfc8 16.bxc6 Nxc6
17.Nb5 Nd5 18.Nc4 Bc5 19.Bd2 a6 20.Nba3 Qe7 21.Qc1 b6 22.Qb2 b5 23.axb5 axb5
24.Nxb5 Na7 25.Nxa7 Qxa7 26.Qc2 Bxf2+ 27.Kh1 Bxe1 28.Rxe1 Nb6 29.Be3 Qa6
30.Bxb6 Qxb6 31.Rc1 Qb4 32.Be4 Kh8 33.Qa2 f5 34.Bg2 Qb2 35.Qxb2 Rxb2 36.Rf1 Bxc4
37.dxc4 g6 38.e4 fxe4 39.Bxe4 Rxc4 40.Bd5 Rd4 41.Bc6 Rdb4 42.h3 Rb1 43.Rxb1 Rxb1+
44.Kg2 Rb2+ 45.Kf3 Rb3+ 46.Kf2 g5 47.Be8 Kg7 48.Bh5 Kf6 49.Bd1 Ra3 50.Bg4 e4
51.h4 h6 52.hxg5+ hxg5 53.Bd1 Ke5 54.Kg2 Ra2+ 55.Kf1 Kd4 56.Be2 Rxe2 57.Kxe2 e3
58.Ke1 Ke4 59.Ke2 g4 60.Ke1 Kf3  0-1

[Event "Siberian Bank Cup"]
[Site "Novosibirsk RUS"]
[Date "2012.11.17"]
[Round "2"]
[White "Inarkiev,E"]
[Black "Malakhov,V"]
[Result "1-0"]
[WhiteElo "2693"]
[BlackElo "2709"]

1.e4 e5 2.Nf3 Nc6 3.Bb5 Nf6 4.O-O Nxe4 5.d4 Nd6 6.Bxc6 dxc6 7.dxe5 Nf5 8.Qxd8+ Kxd8
9.Nc3 Ke8 10.Rd1 Ne7 11.h3 Ng6 12.Ne2 h6 13.b3 a5 14.a4 c5 15.Bb2 Bf5 16.Rd2 Rd8
17.Rad1 Be7 18.Ne1 Rxd2 19.Rxd2 Bg5 20.Rd1 b6 21.Ng3 Be6 22.Nh5 Rg8 23.c4 Nf4
24.Nxf4 Bxf4 25.g3 Bg5 26.f4 Be7 27.g4 g6 28.Kg2 h5 29.Kg3 hxg4 30.hxg4 Rh8
31.Ng2 Rh7 32.Ne3 Bh4+ 33.Kg2 Bd8 34.Bc3 Bc8 35.Be1 Bd7 36.Bg3 f6 37.exf6 Bxf6
38.Nd5 Bd8 39.f5 Bc6 40.fxg6 Rg7 41.Kf3 Rxg6 42.Rh1 Rg8 43.Rh7 Rf8+ 44.Ke2 Bd7
45.Bxc7 Bxg4+ 46.Ke1 Bxc7 47.Rxc7 Rf3 48.Rb7 Bf5 49.Rxb6 Bc2 50.Nc7+ Kf7
51.Rb5 Bxb3 52.Rxa5 Rf5  1-0

[Event "Siberian Bank Cup"]
[Site "Novosibirsk RUS"]
[Date "2012.11.17"]
[Round "5"]
[White "Smirnov,P"]
[Black "Malakhov,V"]
[Result "0-1"]
[WhiteElo "2610"]
[BlackElo "2709"]

1.d4 d5 2.c4 c6 3.Nf3 Nf6 4.Nc3 a6 5.e3 b5 6.b3 Bg4 7.Bd2 e6 8.h3 Bxf3 9.Qxf3 Bb4
10.Bd3 Qe7 11.O-O O-O 12.a4 bxc4 13.bxc4 Nbd7 14.Qe2 a5 15.Rfc1 c5 16.Nb5 cxd4
17.Nxd4 Bxd2 18.Qxd2 Nc5 19.cxd5 Nxd3 20.Qxd3 Nxd5 21.Nc6 Qb7 22.Qb5 Qxb5
23.axb5 a4 24.e4 Nb6 25.Kf1 f5 26.e5 Nd5 27.Ra3 Kf7 28.Rc4 Nb6 29.Rd4 Rfc8
30.g4 g6 31.gxf5 gxf5 32.Rh4 Kg7 33.Ke2 Rc7 34.Rd4 Nd5 35.Rc4 Nb6 36.Rd4 Nd5
37.Rc4 Nb6 38.Rh4 Rd7 39.Nd4 Re8 40.Nc6 Rd5 41.Rb4 Ra8 42.f4 Kf7 43.Ke1 Rg8
44.Raxa4 Nxa4 45.Rxa4 Rg1+ 46.Kf2 Rb1 47.Ra7+ Kf8 48.Ra8+ Kg7 49.Ra7+ Kh6
50.Re7 Rd3 51.Ke2 Rxh3 52.Rxe6+ Kh5 53.Kd2 Rb2+ 54.Kc1 Ra2  0-1

[Event "Siberian Bank Cup"]
[Site "Novosibirsk RUS"]
[Date "2012.11.17"]
[Round "6"]
[White "Malakhov,V"]
[Black "Bocharov,D"]
[Result "1/2-1/2"]
[WhiteElo "2709"]
[BlackElo "2620"]

1.c4 e5 2.Nc3 Nf6 3.Nf3 Nc6 4.g3 Bc5 5.Bg2 d6 6.O-O a6 7.e3 O-O 8.b3 Ba7
9.h3 h6 10.Bb2 Bf5 11.d4 exd4 12.Nxd4 Nxd4 13.exd4 Rb8 14.Re1 Qd7 15.Kh2 b5
16.Nd5 Nxd5 17.cxd5 Rfe8 18.Qd2 Rxe1 19.Rxe1 Re8 20.b4 Re7 21.g4 Bg6 22.Rxe7 Qxe7
23.Qe3 Qd8 24.f4 f6 25.Kg3 Bb6 26.Bc3 Bf7 27.h4 Qa8 28.g5 hxg5 29.fxg5 fxg5
30.Qxg5 a5 31.bxa5 Bxa5 32.Bxa5 Qxa5 33.Qd8+ Kh7 34.Be4+ g6 35.Qf8 Qe1+ 36.Kf3 Qf1+
37.Ke3 Qe1+ 38.Kf3 Qf1+  1/2-1/2

[Event "Siberian Bank Cup"]
[Site "Novosibirsk RUS"]
[Date "2012.11.18"]
[Round "8"]
[White "Malakhov,V"]
[Black "Andreikin,D"]
[Result "0-1"]
[WhiteElo "2709"]
[BlackElo "2723"]

1.Nf3 b5 2.e4 Bb7 3.Bxb5 Bxe4 4.O-O Nf6 5.Re1 e6 6.d4 Be7 7.Bd3 Bxf3 8.Qxf3 d5
9.Nd2 O-O 10.Nb3 c6 11.Bd2 a5 12.a4 Nbd7 13.Qg3 g6 14.Bh6 Re8 15.Nd2 Qb8
16.Qxb8 Rexb8 17.Nb3 c5 18.dxc5 Nxc5 19.Nxc5 Bxc5 20.Bf4 Ng4 21.Re2 Rxb2
22.h3 Rb4 23.Bd2 Nf6 24.Bxb4 Bxb4 25.c4 d4 26.Rd1 Rc8 27.g4 Nd7 28.f4 Nc5
29.f5 exf5 30.gxf5 Nxa4 31.fxg6 hxg6 32.Re5 Nb2  0-1

[Event "Siberian Bank Cup"]
[Site "Novosibirsk RUS"]
[Date "2012.11.18"]
[Round "9"]
[White "Nepomniachtchi,I"]
[Black "Malakhov,V"]
[Result "1/2-1/2"]
[WhiteElo "2707"]
[BlackElo "2709"]

1.d4 d5 2.c4 c6 3.Nc3 Nf6 4.e3 a6 5.Nf3 b5 6.b3 Bg4 7.Be2 Nbd7 8.h3 Bh5 9.Bb2 e6
10.g4 Bg6 11.Ne5 Nxe5 12.dxe5 Nd7 13.cxd5 cxd5 14.O-O h5 15.Nxd5 exd5 16.Qxd5 Rc8
17.Rfd1 Nc5 18.Qg2 Qa5 19.Rac1 Qxa2 20.Qd5 Be4 21.Qd4 Be7 22.Rxc5 Rxc5 23.Qxe4 O-O
24.Bd3 g6 25.Bd4 Qxb3 26.Ra1 Qd5 27.Bxc5 Qxe4 28.Bxe4 Bxc5 29.e6 fxe6 30.Rxa6 hxg4
31.hxg4 Kf7 32.Rc6 Be7 33.Rb6 b4 34.Bc2 Rd8 35.Kg2 Rd2 36.Bb3 Bh4 37.Rxb4 Rxf2+
38.Kh3 g5 39.Re4  1/2-1/2

[Event "Siberian Bank Cup"]
[Site "Novosibirsk RUS"]
[Date "2012.11.18"]
[Round "10"]
[White "Malakhov,V"]
[Black "Maletin,P"]
[Result "1-0"]
[WhiteElo "2709"]
[BlackElo "2567"]

1.Nf3 g6 2.c4 Bg7 3.g3 c5 4.Bg2 Nc6 5.O-O e6 6.Nc3 Nge7 7.d4 cxd4 8.Nb5 d5
9.cxd5 exd5 10.Nbxd4 O-O 11.Be3 Re8 12.Rc1 Nf5 13.Nxc6 bxc6 14.Bd4 Nxd4 15.Nxd4 Qb6
16.Nxc6 Bxb2 17.Rc2 Bf5 18.Bxd5 Bxc2 19.Qxc2 Bf6 20.Qc4 Rf8 21.e4 Rac8 22.a4 Kg7
23.Kg2 Rc7 24.a5 Rxc6 25.Qxc6 Qxa5 26.Rb1 Bd4 27.Rb3 Kh8 28.Rb7 Qc5 29.Qxc5 Bxc5
30.Bxf7 Bxf2 31.Kxf2 Kg7 32.Rxa7  1-0

[Event "Siberian Bank Cup"]
[Site "Novosibirsk RUS"]
[Date "2012.11.18"]
[Round "11"]
[White "Sjugirov,S"]
[Black "Malakhov,V"]
[Result "1/2-1/2"]
[WhiteElo "2624"]
[BlackElo "2709"]

1.e4 e5 2.Nf3 Nc6 3.Bb5 Nf6 4.d3 Bc5 5.c3 O-O 6.O-O d6 7.Bg5 Bb6 8.Nbd2 Nb8
9.Re1 c6 10.Ba4 Nbd7 11.Bc2 Re8 12.d4 h6 13.Bh4 Nf8 14.dxe5 dxe5 15.Nc4 Ng6
16.Bg3 Qxd1 17.Raxd1 Bg4 18.Nd6 Re7 19.Nf5 Ree8 20.Nd6 Re7 21.Nf5 Ree8 22.Nd6  1/2-1/2

[Event "Amplico ch-EUR Rapid"]
[Site "Warsaw POL"]
[Date "2012.12.15"]
[Round "1.3"]
[White "Imanovs,Elhans"]
[Black "Malakhov,V"]
[Result "0-1"]
[WhiteElo "1812"]
[BlackElo "2709"]

1.e4 c5 2.c3 d5 3.exd5 Qxd5 4.d4 Nf6 5.Nf3 e6 6.Be2 cxd4 7.Qxd4 Qxd4 8.Nxd4 a6
9.Bf4 Nbd7 10.Bg3 Ne4 11.Nd2 Nxg3 12.hxg3 Be7 13.O-O-O O-O 14.Bd3 g6 15.Bc4 Nc5
16.N4b3 b5 17.Be2 Bb7 18.Rhg1 Rfd8 19.f3 Rac8 20.Rgf1 h5 21.Nxc5 Bxc5 22.Ne4 Be7
23.Kc2 f5 24.Nf2 Bd6 25.g4 h4 26.gxf5 exf5 27.Nh3 Bg3 28.b3 Re8 29.Bd3 Re7
30.c4 Kg7 31.Ng1 Kf6 32.Ne2 bxc4 33.bxc4 Bc6 34.Nxg3 Ba4+ 35.Kc3 Bxd1 36.Nh5+ gxh5
37.Rxd1 Re3 38.Kd2 f4 39.Rb1 Rd8 40.Rb6+ Ke5 41.Rb3 h3 42.gxh3 Rxf3 43.Kc2 Rxh3
44.c5 Rhxd3 45.Rxd3 Rxd3 46.Kxd3 h4  0-1

[Event "Amplico ch-EUR Rapid"]
[Site "Warsaw POL"]
[Date "2012.12.15"]
[Round "2.3"]
[White "Malakhov,V"]
[Black "Stangl,A"]
[Result "1-0"]
[WhiteElo "2709"]
[BlackElo "2121"]

1.c4 e6 2.Nc3 d5 3.d4 c6 4.e3 Bd6 5.Nf3 Nd7 6.e4 Ne7 7.Bd3 dxc4 8.Bxc4 Ng6
9.h4 b5 10.Bb3 b4 11.Ne2 a5 12.h5 Ne7 13.h6 g6 14.Bg5 c5 15.e5 Bc7 16.Nf4 cxd4
17.Qxd4 Nxe5 18.Qxd8+ Kxd8 19.Rd1+ Nd7 20.Bxe6 Bxf4 21.Bxd7 Bxd7 22.Bxf4 Nc6
23.O-O Re8 24.Ng5 Re4 25.Nxe4  1-0

[Event "Amplico ch-EUR Rapid"]
[Site "Warsaw POL"]
[Date "2012.12.15"]
[Round "3.3"]
[White "Bednarek,S"]
[Black "Malakhov,V"]
[Result "0-1"]
[WhiteElo "2314"]
[BlackElo "2709"]

1.d4 g6 2.h4 Nf6 3.Nc3 d5 4.Bg5 Bg7 5.Nf3 Ne4 6.e3 Nxc3 7.bxc3 c5 8.h5 Qa5
9.Qd2 Nd7 10.h6 Bf6 11.Bxf6 Nxf6 12.c4 Qxd2+ 13.Nxd2 cxd4 14.exd4 dxc4 15.Bxc4 O-O
16.Nf3 Bf5 17.Bb3 Rac8 18.c4 Rfd8 19.Ke2 Bg4 20.Ke3 Bxf3 21.gxf3 e6 22.a4 Rc7
23.a5 Kf8 24.Rhg1 Ng8 25.Rh1 Ne7 26.Rad1 Nf5+ 27.Ke4 Rc6 28.d5 exd5+ 29.Rxd5 Rxd5
30.Kxd5 Ra6 31.Ra1 Nxh6 32.c5 Nf5 33.Kc4 Ne7 34.Kb5 Rf6 35.a6 b6 36.Rd1 bxc5
37.Rd8+ Kg7 38.Bc4 Nc6 39.Rd7 h5 40.Bd5 Nb4 41.Bb7 h4 42.f4 h3 43.Rd1 Rb6+
44.Ka5 Nc6+ 45.Ka4 Rb4+ 46.Ka3 Na5 47.Bc8 h2 48.Rh1 Nc4+ 49.Ka2 Rb2+ 50.Ka1 Rxf2
51.f5 Ne3 52.fxg6 fxg6  0-1

[Event "Amplico ch-EUR Rapid"]
[Site "Warsaw POL"]
[Date "2012.12.15"]
[Round "5.1"]
[White "Neiksans,A"]
[Black "Malakhov,V"]
[Result "1/2-1/2"]
[WhiteElo "2534"]
[BlackElo "2709"]

1.e4 e5 2.Nf3 Nc6 3.Bb5 Nf6 4.d3 Bc5 5.Nc3 O-O 6.O-O Re8 7.Be3 Nd4 8.Bxd4 exd4
9.Ne2 c6 10.Bc4 d5 11.exd5 Bg4 12.dxc6 Bxf3 13.gxf3 bxc6 14.Ng3 Nd5 15.f4 Nxf4
16.Qf3 Qc7 17.Rae1 Bb4 18.Re4 Rxe4 19.Qxe4 Rd8 20.a3 Bf8 21.Re1 g6 22.Ne2 Nxe2+
23.Rxe2 Bd6 24.h3 c5 25.Kg2 Kg7 26.b4 Rd7 27.b5 Re7 28.Qf3 Rxe2 29.Qxe2 Qd8
30.Qf3 Qg5+ 31.Qg4 Qe5 32.Qd7 Qg5+ 33.Qg4 Qd8 34.Qf3 f5 35.Qb7+ Kh6 36.Qxa7 Qg5+
37.Kf1 Qc1+ 38.Kg2 Qf4 39.Qb7 Qh2+ 40.Kf1 Qxh3+ 41.Ke2 Qg4+ 42.Kf1 f4 43.Qh1+ Kg7
44.Qb7+ Kh6 45.Qh1+ Kg7 46.Qb7+ Kh6  1/2-1/2

[Event "Amplico ch-EUR Rapid"]
[Site "Warsaw POL"]
[Date "2012.12.15"]
[Round "6.8"]
[White "Malakhov,V"]
[Black "Mista,A"]
[Result "1-0"]
[WhiteElo "2709"]
[BlackElo "2562"]

1.c4 c5 2.Nf3 Nf6 3.Nc3 e6 4.e4 d6 5.d4 cxd4 6.Nxd4 b6 7.Be2 Bb7 8.f3 Be7
9.Be3 O-O 10.O-O a6 11.Qd2 Nbd7 12.Rfd1 Qc7 13.Rac1 Rac8 14.Bf1 Qb8 15.Qf2 Bd8
16.Kh1 Bc7 17.h3 Rfe8 18.b4 Ne5 19.Nb3 Ba8 20.c5 dxc5 21.Bxa6 c4 22.Bxc8 Rxc8
23.Nb5 cxb3 24.Rxc7 Rxc7 25.Nxc7 Qxc7 26.Bxb6 Qc6 27.Rd8+ Ne8 28.axb3 Qc1+
29.Qg1 Qxg1+ 30.Bxg1 Bc6 31.Rb8 f5 32.b5 Bd7 33.Bd4 Ng6 34.b6 Bc6 35.b7  1-0

[Event "Amplico ch-EUR Rapid"]
[Site "Warsaw POL"]
[Date "2012.12.15"]
[Round "7.4"]
[White "Bartel,Mat"]
[Black "Malakhov,V"]
[Result "1/2-1/2"]
[WhiteElo "2629"]
[BlackElo "2709"]

1.e4 e5 2.Nf3 Nc6 3.Bb5 Nf6 4.d3 Bc5 5.Bxc6 dxc6 6.Nbd2 O-O 7.Nc4 Nd7 8.O-O Re8
9.Bd2 f6 10.b4 Bf8 11.a4 Nb6 12.Na5 Rb8 13.b5 c5 14.Be3 Be6 15.Nd2 Qd6 16.Ndb3 Nd7
17.Qe1 b6 18.Nc4 Bxc4 19.dxc4 Qe6 20.Qd2 Bd6 21.Qd5 Nf8 22.a5 Qf7 23.Qxf7+ Kxf7
24.Rfd1 Ne6 25.c3 g6 26.f3  1/2-1/2